000 00571nam a2200193Ia 4500
003 IN-BaIIA
008 211028s9999 xx 000 0 eng d
020 _a0-226-10084-7
040 _cIIA Library
080 _a533
_bCHA
100 _aChandrasekhar, S.
_91248
245 0 _aPlasma physics
_cS. Chandrasekhar
260 _aChicago
_bUniversity of Chicago Press
_c1975
300 _ax, 217p.
650 _aAstronomy and astrophysics Thesaurus
650 _aPlasma astrophysics
_93786
650 _aPlasmas
_91898
942 _cBK
999 _c5438
_d5438